1430 1869 1628 1819 1691 1799 1796 1398 1405 1162 1240 1244 1474 1753 1485 1487 1244 1426 1231 1565 1517 1585 1111 1719 1179 1934 1534 1853 1793 1916 1816 1191 1758 1932 1863 1912 1861 1692 1479 1488 1293 1076 1599 1834 1535 1669 1151 1409 1478 1899 1838 1721 1307 1670 1825 1445 1579 1944 1451 1569 1527 1335 1097 1588 1086 1917 1298 1622 1051 1392 1449 1994 1358 1204 1715 1795 1010 1921 1875 1683 1996 1885 1237 1899 1798 1165 1127 1273 1095 1295 1251 1052 1219 1369 1481 1055 1652 1769 1446 BCNSPRNW ULIB Ver.6.0+V

เปลี่ยนเป็นภาษาไทย

Change to English
 แสดงรายละเอียดบรรณานุกรม
  กลับหน้าหลัก

Brief Record : Get Marc (ISO 2709) : E-mail record : QR code < ปิดหน้าต่าง
LEADER : 00000nam 2200000uu 4500
001    13399113528
003     ULIB
008    110627s2000||||th 000 0 tha d
020    0439139597
090    นว.^bR884H ล.4 2000
100 0  Rowling J.K.
245 00 Harry potter and the goblet of fire/^cRowling J.K.
250    พิมพ์ครั้งที่ 1
260    New York :^bA.A. Levine Books,^c2000
300    734 หน้า
710 1  นานมีบุ๊คส์
945    ^p0^l0^i021843
995    ทศพร
999 ^a ใช้งานได้ทุกระบบ
รายการนี้ยังไม่มีแท็ก
คุณยังไม่ได้ล็อกอิน คุณสามารถมีกิจกรรมร่วมกับเว็บไซต์ได้ แต่ต้องล็อกอินก่อน ::
  ล็อกอิน

รายการสื่อสารสนเทศ

ลำดับที่ ประเภท เลขเรียก/บาร์โค้ด สถานที่ สถานะ
1. นวนิยาย
นวนิยาย
นว. R884H ล.4 2000 ฉ.1 
  Barcode: 021843
ห้องสมุดวิทยาเขตสวรรค์ประชารักษ์
►นวนิยาย
บนชั้น
  ขอยืม

รายการใกล้เคียง
    ผู้แต่ง [Rowling J.K.]

BibComment


ยังไม่เคยถูกคอมเมนท์

คอมเมนท์ทรัพยากรรายการนี้
  คอมเมนท์: Harry potter and ..


 Copyright 2026. Bcnsprnw @Library